Villes françaises en russe - Statistiques

Statistiques générales
  • Ce quiz a été pris 275 fois
  • Le résultat moyen est 16 sur 20
Statistiques - réponses
Russe Français % Correct
Ле Манс Le Mans
95%
Марсель Marseille
94%
Лион Lyon
92%
Лимож Limoges
90%
Монпелье Montpellier
90%
Тулуза Toulouse
89%
Нант Nantes
88%
Орлеан Orléans
88%
Тулон Toulon
88%
Брест Brest
87%
Сент-Этьен Saint-Étienne
86%
Тур Tours
86%
Лилль Lille
85%
Бордо Bordeaux
84%
Мец Metz
84%
Ним Nîmes
84%
Париж Paris
84%
Ренн Rennes
84%
Канны Cannes
83%
Дижон Dijon
83%
Реймс Reims
83%
Страсбург Strasbourg
83%
Авиньон Avignon
81%
Перпиньян Perpignan
81%
Руан Rouen
80%
Сен-Дени Saint-Denis
80%
Сен-Поль Saint-Paul
79%
Версаль Versailles
79%
Анже Angers
78%
Ницца Nice
78%
Амьен Amiens
77%
Данкерк Dunkerque
77%
Нэнси Nancy
77%
Гренобль Grenoble
76%
Виллербанн Villeurbanne
76%
Лорьян Lorient
75%
Кан Caen
71%
Мюлуз Mulhouse
69%
Труа Troyes
68%
Безье Béziers
66%
Кале Calais
65%
Рубе Roubaix
65%
Гавр Le Havre
57%
Аяччо Ajaccio
45%
Aucun quiz correspondant
Distribution des résultats
% des personnes avec chaque résultat
Percentile par nombre de réponses
Votre historique - résultats
Vous n’avez pas pris ce quiz